Statistiques concernant Culture Générale - Série 1826

Cliquez ici pour prendre le quiz!

Statistiques générales

  • Ce quiz a été pris 83 fois
  • Le résultat moyen est 2 sur 10

Statistiques - réponses

QuestionRéponse% Correct
Quel nom donne-t-on à un jeune scout âgé de 8 à 12 ans ?louveteau
92%
Quel adjectif féminin en 4 lettres qualifie son sujet de divin - exemple : la .... bouteilledive
44%
L'otalgie est une douleur qui se situe au niveau de ....oreille
40%
Quel verbe, anagramme de "liseron" signifie "affréter","fréter", "louer" ?noliser
25%
Quel nom donne-t-on au mauvais génie de la mythologie arabe dont l'anagramme est "frite" ?éfrit
17%
Quelle unité de longueur ancienne a comme base la largeur d'une main ouverte ?empan
14%
Quel mot de 6 lettres commençant par "a" signifie "humiliation, vexation, affront public" ?avanie
8%
Quelle est la couleur de la soie à l'état brut ?grège
3%
Quel nom donne-t-on à la matière purulente fétide, mélangée de sang ?sanie
3%
En médecine, comment appelle-ton l'activité mentale pathologique caractérisée par des visions, des hallucinations ?onirisme
0%

Distribution des résultats

Percentile par nombre de réponses

% des personnes avec chaque résultat

Votre développement - résultats

Vous n’avez pas pris ce quiz